000 00228nam a2200097Ia 4500
008 170627s9999 xx 000 0 und d
100 _aDESAI VASANT
245 0 _aDYNAMIES OF ENTEREPRENURIAL REULP &MGT
260 _bHPH
260 _c2007
546 _aENGLISH
999 _c35571
_d35571